| 000 | 00534nam a22001337a 4500 | ||
|---|---|---|---|
| 005 | 20241105100304.0 | ||
| 008 | 241105b |||||||| |||| 00| 0 eng d | ||
| 245 | _aThe Ghana Law Reports 1962 Part 1 | ||
| 260 |
_aAccra, Ghana _bAssembly Press _c2016 |
||
| 300 |
_axxiii, 583 pages _c24.5 cm |
||
| 500 | _aCases determined by the High Court of Justice and on appeal therefrom in the Court of Appeal and by the Supreme Court and High Court of the Republic of Ghana to be cited as (1962) G.L.R. | ||
| 650 | _2Law Reports | ||
| 942 |
_2lcc _cBK _n0 |
||
| 999 |
_c620 _d620 |
||